[Event "Francophone-ch 1st"]
[Site "Hammamet "]
[Date "2010.04.25"]
[Round "2"]
[White "Khlif, Ahmed"]
[Black "Gulbas, Cemil"]
[Result "0-1"]
[WhiteElo "2056"]
[BlackElo "2364"]
[PlyCount "138"]
[EventDate "2010.04.25"]
[EventType "swiss"]
[EventRounds "9"]
[EventCountry "TUN"]
[SourceTitle "EXT 2011"]
[Source "ChessBase"]
[SourceDate "2010.11.26"]
[SourceVersion "1"]
[SourceVersionDate "2010.11.26"]
[SourceQuality "1"]

1. e4 d6 2. d4 Nf6 3. Nc3 g6 4. f4 Bg7 5. Nf3 0-0 6. Bd3 Na6 7. 0-0 c5 8. d5 Nc7 9. Qe1 a6 10. a4 Bd7 11. Qh4 b5 12. axb5 axb5 13. Rxa8 Qxa8 14. f5 c4 15. Be2 Qa7+ 16. Kh1 Qa1 17. fxg6 fxg6 18. h3 b4 19. Bh6 Qxb2 20. e5 Qxc3 21. Bxg7 Kxg7 22. exf6+ Rxf6 23. Bxc4 Rf7 24. Bb3 e5 25. Re1 h6 26. Re4 Rxf3 27. gxf3 Qxf3+ 28. Kh2 g5 29. Qe1 Qxh3+ 30. Kg1 Na6 31. Bc4 Nc5 32. Bf1 Qf5 33. Rxb4 Qxc2 34. Qe3 Qd1 35. Rb6 Qxd5 36. Bg2 Qd1+ 37. Kh2 Kf7 38. Qf2+ Ke7 39. Rb8 Qh5+ 40. Kg1 Ne6 41. Qc2 Qf7 42. Bd5 Nd4 43. Qg2 Qf4 44. Rh8 g4 45. Rh7+ Kd8 46. Qa2 Qc1+ 47. Kg2 Qc2+ 48. Qxc2 Nxc2 49. Rxh6 Ne3+ 50. Kf2 Nxd5 51. Rxd6 Nf4 52. Rh6 Ke7 53. Ra6 Be6 54. Kg3 Kf6 55. Rb6 Kg5 56. Rb4 Nh5+ 57. Kf2 Nf6 58. Kg3 Bd5 59. Rb5 Kf5 60. Rb4 Ne4+ 61. Kh2 Kf4 62. Ra4 Be6 63. Kg2 Kf5 64. Ra8 Nf6 65. Ra4 Bd5+ 66. Kg3 Kg5 67. Ra5 Nh5+ 68. Kf2 g3+ 69. Kg1 Nf4 0-1

[Event "Francophone-ch 1st"]
[Site "Hammamet "]
[Date "2010.04.25"]
[Round "8"]
[White "Ouechtati, Mohamed"]
[Black "Khlif, Ahmed"]
[Result "0-1"]
[WhiteElo "2249"]
[BlackElo "2056"]
[PlyCount "103"]
[EventDate "2010.04.25"]
[EventType "swiss"]
[EventRounds "9"]
[EventCountry "TUN"]
[SourceTitle "EXT 2011"]
[Source "ChessBase"]
[SourceDate "2010.11.26"]
[SourceVersion "1"]
[SourceVersionDate "2010.11.26"]
[SourceQuality "1"]

1. d4 d5 2. Nf3 Nf6 3. c4 e6 4. Nc3 c6 5. e3 Be7 6. Qc2 0-0 7. Be2 dxc4 8. Bxc4 b5 9. Be2 Bb7 10. 0-0 Nbd7 11. Rd1 Rc8 12. e4 b4 13. e5 bxc3 14. exf6 Nxf6 15. bxc3 c5 16. c4 Bxf3 17. Bxf3 cxd4 18. Bf4 Rc5 19. Rab1 e5 20. Bg3 Qc8 21. Qe2 Re8 22. Bh4 Qa6 23. Bxf6 gxf6 24. Be4 Bf8 25. Qh5 h6 26. Rb3 Bg7 27. Rb7 Qxc4 28. Qf5 Qe6 29. Qh5 d3 30. h3 Rd8 31. Rxd3 Rxd3 32. Bxd3 e4 33. Qxc5 exd3 34. Qd4 Qe1+ 35. Kh2 f5 36. Qe3 d2 37. Rd7 d1Q 38. Rxd1 Qxd1 39. Qxa7 Be5+ 40. g3 f4 41. Qa8+ Kg7 42. Qe4 fxg3+ 43. Kg2 Qd4 44. Qxd4 Bxd4 45. fxg3 Kf6 46. Kf3 Ke5 47. g4 h5 48. a4 h4 49. a5 Ba7 50. a6 f6 51. Kg2 Ke4 52. Kh2 0-1